Statistiken für Vorläufiger Deutscher Frauen WM Kader 2023

Klicken Sie hier um das Quiz zu spielen!

Allgemein

  • Dieses Quiz wurde 149 mal gespielt
  • Das Durchschnittsergebnis liegt bei 16 aus 28

Antwortstatistiken

PositionSpielerin% Korrekt
Mittelfeld/AngriffAlexandra Popp
96%
TorMerle Frohms
91%
Mittelfeld/AngriffLea Schüller
78%
Mittelfeld/AngriffLena Oberdorf
78%
Mittelfeld/AngriffJule Brand
77%
TorAnn-Katrin Berger
73%
AbwehrMarina Hegering
72%
Mittelfeld/AngriffKlara Bühl
69%
Mittelfeld/AngriffLina Magull
69%
AbwehrKathrin Hendrich
65%
AbwehrFelicitas Rauch
63%
Mittelfeld/AngriffSara Däbritz
63%
Mittelfeld/AngriffLaura Freigang
60%
Mittelfeld/AngriffNicole Anyomi
60%
AbwehrSara Doorsoun
59%
Mittelfeld/AngriffSvenja Huth
57%
AbwehrSophia Kleinherne
53%
Mittelfeld/AngriffSydney Lohmann
49%
Mittelfeld/AngriffLena Lattwein
41%
AbwehrSjoeke Nüsken
41%
Mittelfeld/AngriffMelanie Leupolz
40%
TorStina Johannes
40%
AbwehrCarolin Simon
37%
Mittelfeld/AngriffTabea Waßmuth
36%
Mittelfeld/AngriffChantal Hagel
34%
Mittelfeld/AngriffPaulina Krumbiegel
27%
TorEna Mahmutovic
19%
AbwehrSarai Linder
18%

Verteilung der Resultate

Perzentil nach korrekt beantworteten Fragen

Anzahl Personen mit jedem Resultat

Ihre Resultats-Entwicklung

Sie haben dieses Quiz noch nicht gespielt